Villes du Championnat d'Europe de football 2004 - Statistiques

Statistiques générales
  • Ce quiz a été pris 19 fois
  • Le résultat moyen est 5 sur 8
Statistiques - réponses
Par images Réponse % Correct
Porto
100%
Lisbonne
93%
Braga
73%
Guimarães
60%
Faro
47%
Aveiro
33%
Leiria
33%
Coimbra
27%
Aucun quiz correspondant
Distribution des résultats
% des personnes avec chaque résultat
Percentile par nombre de réponses
Votre historique - résultats
Vous n’avez pas pris ce quiz